000 00585nam a2200241 a 4500
001 nice12345678
003 IN_TiNIC
005 20260116011333.0
008 050524s1965 lona grp 000 0 eng
020 _a
_c100
082 0 0 _a232.9
_bPAR
100 _aParrinder, Geoffrey
245 _aJesus in the Quran
260 _aLondon
_bFaber and Faber Limited
_c1965
300 _a178p
500 _aincludes index and biblioraphy
505 2 _aIndex
650 _aJesus Christ in the Quran
700 1 _aParrinder, Geoffrey
902 _bSRS
942 _cBK
999 _c626
_d626